000 002620000a22000970004500
100 1 _aSánchez Cetina, Edesio
245 1 0 _aDoxología de la palabra de Dios
300 _aVol. 57, Núm 258 (2002), Página 8-11
773 0 _tLa Biblia de las Américas
942 _cANA
999 _c51699
_d51699